| 000 | 00586cam a2200217ua 4500 | ||
|---|---|---|---|
| 001 | 5538 | ||
| 008 | 141117n ii |||gr||||Z||||||asm | ||
| 020 | _a61-733-367-2 | ||
| 040 | _cMAIN | ||
| 041 | _aasm | ||
| 082 | _a301.0954 | ||
| 245 |
_aSnatak Mahalar Bharatia Samaj Paddhati : _bIndian Social System / _cby Utpal Saikia . |
||
| 250 | _a4th rev. | ||
| 260 |
_aDibrugarh: _bBanalata, _c2011. |
||
| 300 | _ax,332p. | ||
| 653 | _aSociology | ||
| 653 | _aSnatak Mahalar Bharatiya Samaj Paddhati | ||
| 653 | _aIndian sociology | ||
| 700 |
_aSaikia,Utpal, _eAuthor. |
||
| 942 | _cBK | ||
| 999 |
_c4704 _d4704 |
||